The Hindu Speaks on Religious Values (Record no. 158323)
[ view plain ]
| 000 -LEADER | |
|---|---|
| fixed length control field | 00392nam a2200145Ia 4500 |
| 008 - FIXED-LENGTH DATA ELEMENTS--GENERAL INFORMATION | |
| fixed length control field | 230411s9999 xx 000 0 und d |
| 020 ## - INTERNATIONAL STANDARD BOOK NUMBER | |
| International Standard Book Number | 978-93-87791-17-6 |
| 041 ## - LANGUAGE CODE | |
| Language code of text/sound track or separate title | eng |
| 082 ## - DEWEY DECIMAL CLASSIFICATION NUMBER | |
| Classification number | X/200/HIN/B08933 |
| 100 ## - MAIN ENTRY--PERSONAL NAME | |
| Personal name | N Ravi Kumar |
| 245 ## - TITLE STATEMENT | |
| Title | The Hindu Speaks on Religious Values |
| 260 ## - PUBLICATION, DISTRIBUTION, ETC. (IMPRINT) | |
| Name of publisher, distributor, etc. | THG Publishing |
| Place of publication, distribution, etc. | Chennai |
| Date of publication, distribution, etc. | 2018 |
| 300 ## - PHYSICAL DESCRIPTION | |
| Extent | 747p |
| Withdrawn status | Lost status | Damaged status | Not for loan | Collection code | Home library | Current library | Date acquired | Vendor | Cost, normal purchase price | Bill number | Shelving control number | Total Checkouts | Full call number | Barcode | Date last seen | Cost, replacement price | Bill Date | Koha item type | Original Barcode |
|---|---|---|---|---|---|---|---|---|---|---|---|---|---|---|---|---|---|---|---|
| Smt. Bakul Tambat Institute of Nursing Education | Smt. Bakul Tambat Institute of Nursing Education | 07/12/2018 | THG Publishing | 350.00 | MU/INV-I/18-00100 | 2 | X 200 HIN B08933 | BTIN-BK-8933 | 11/04/2023 | 280.00 | 07/12/2018 | Books | B08933 |